The Death Cure (Record no. 613777)

000 -LEADER
fixed length control field 00345nam a22001337a 4500
020 ## - INTERNATIONAL STANDARD BOOK NUMBER
International Standard Book Number 9781909489424
040 ## - CATALOGING SOURCE
Transcribing agency NUST
082 ## - DEWEY DECIMAL CLASSIFICATION NUMBER
Classification number 813.6
Author Mark DAS
100 ## - MAIN ENTRY--PERSONAL NAME
Personal name James Dashner
9 (RLIN) 129030
245 ## - TITLE STATEMENT
Title The Death Cure
260 ## - PUBLICATION, DISTRIBUTION, ETC.
Place of publication, distribution, etc. New York:
Name of publisher, distributor, etc. Chicken House,
Date of publication, distribution, etc. 2013.
650 ## - SUBJECT ADDED ENTRY--TOPICAL TERM
Topical term or geographic name entry element Book 3 in th bestselling Maze Runner series
9 (RLIN) 129032
942 ## - ADDED ENTRY ELEMENTS (KOHA)
Source of classification or shelving scheme
Koha item type Book
Holdings
Withdrawn status Lost status Source of classification or shelving scheme Damaged status Not for loan Permanent Location Current Location Shelving location Date acquired Shelving control number Full call number Barcode Date last seen Price effective from Koha item type Public note
          College of Electrical & Mechanical Engineering (CEME) College of Electrical & Mechanical Engineering (CEME) Fiction 05/18/2025 English Literature 813.6 DAS CEME- 50962 05/18/2025 05/18/2025 Book CART-4
© 2023 Central Library, National University of Sciences and Technology. All Rights Reserved.